000 00420nam a2200181Ia 4500
001 18085
005 20260306171604.0
008 260306s9999||||xx |||||||||||||| ||und||
041 _aESP
082 _a658.401
_bM22
100 _aMann, David
_eAUT
245 0 _aCreación de una cultura Lean
260 _c2017
300 _a268 páginas :
_c24 cm.
650 _aGEN
654 _aCAN
942 _cLIB
_dJUS
_fJUS
_2ddc
_n
999 _c18085
_d18085